00570cam a2200169 450000500170000000800410001702000150005805000210007310000380009424500690013225000170020126000420021830000280026049000550028850400320034365000250037520190803124820.0190115b2004 mx ||||| |||| 00| 0dspa d a849772506904aHV6251bS47 20041 aSerrano Maíllo, Alfonso,eautor10aIntroducción a la criminología c/ Alfonso Serrano Maíllo. a2a edición aMadrid, España :bDykinson, cc2004 a524 páginas ;c24 cm.0 aEstudios de criminología y política criminal ; aBibliografía : p. 477-524 72lembaCriminología